000 00476nam a2200181Ia 4500
003 OSt
005 20251203105737.0
008 250729s2005 xx 000 0 und d
040 _cAL
041 _akan
082 _a371.333 KONS
100 _aಕೊಂಗವಾಡ ಎನ್ ಬಿ
_9225458
245 _aಶೈಕ್ಷಣಿಕ ತಂತ್ರಶಾಸ್ತ್ರ
260 _aಗದಗ
_c2005
300 _a231p
650 _aEducation
_9225459
942 _2ddc
_cBED
999 _c236921
_d236921